[Event "Rio de Janeiro Duchamp op 4th"]
[Site "Rio de Janeiro"]
[Date "2022.12.13"]
[Round "8"]
[White "De Sa, Sidney Loyola"]
[Black "De Albuquerque, Ian Telek C"]
[Result "0-1"]
[WhiteElo "1833"]
[BlackElo "1986"]
[PlyCount "126"]
[EventDate "2022.12.07"]
[EventType "swiss"]
[EventRounds "9"]
[EventCountry "BRA"]
[SourceTitle "EXT 2024"]
[Source "ChessBase"]
[SourceDate "2023.10.10"]
[SourceVersion "1"]
[SourceVersionDate "2023.10.10"]
[SourceQuality "1"]

1. d4 Nf6 2. Nf3 g6 3. Bf4 Bg7 4. e3 0-0 5. Be2 d6 6. 0-0 Nc6 7. h3 Nd7 8. Bh2 e5 9. c4 exd4 10. exd4 Qf6 11. Nc3 Nxd4 12. Nxd4 Qxd4 13. Qxd4 Bxd4 14. Nd5 Bb6 15. Bg4 Kg7 16. Bxd7 Bxd7 17. a4 Be6 18. a5 Bxd5 19. axb6 Bxc4 20. Rfc1 axb6 21. Rxa8 Rxa8 22. Bg3 b5 23. b3 Bxb3 24. Rxc7 Rd8 25. Rxb7 Bc4 26. Rb6 Kf6 27. Bxd6 Re8 28. Bf4+ Kf5 29. Be3 Ke4 30. Rd6 Rc8 31. Rd4+ Ke5 32. f4+ Ke6 33. Bd2 Rc5 34. Kf2 Rd5 35. Bc3 Rxd4 36. Bxd4 Kd5 37. Ke3 Bf1 38. g4 Bxh3 39. g5 Kc4 40. Bg7 Kb3 41. Kd2 Bf5 42. Kc1 Be4 43. Bf6 Kc4 44. Kd2 Kd5 45. Ke3 Bb1 46. Bg7 Ke6 47. Be5 f6 48. Bxf6 h5 49. Bc3 Kf5 50. Kf3 Be4+ 51. Kg3 Bd5 52. Bd2 Ke4 53. Kh4 Be6 54. Kg3 Kd3 55. Be1 Kc4 56. Kf3 b4 57. Ke2 Kb3 58. Kd1 Ka3 59. Kc1 b3 60. Bc3 h4 61. Kb1 h3 62. Be5 h2 63. Bd6+ Ka4 0-1

[Event "BRA-ch Amateur U1800"]
[Site "Sao Paulo"]
[Date "2018.06.02"]
[Round "5"]
[White "Sanchez, Ivan Roberto"]
[Black "De Sa, Sidney Loyola"]
[Result "1-0"]
[WhiteElo "1665"]
[BlackElo "1751"]
[PlyCount "87"]
[EventDate "2018.05.31"]
[EventType "swiss"]
[EventRounds "7"]
[EventCountry "BRA"]
[SourceTitle "EXT 2021"]
[Source "ChessBase"]
[SourceDate "2020.10.23"]
[SourceVersion "1"]
[SourceVersionDate "2020.10.23"]
[SourceQuality "1"]

1. Nf3 Nf6 2. g3 b6 3. Bg2 Bb7 4. 0-0 e6 5. d3 d5 6. Nbd2 Be7 7. e4 dxe4 8. dxe4 Nxe4 9. Ne5 Qd4 10. Nxe4 Qxd1 11. Rxd1 c6 12. Nd6+ Bxd6 13. Rxd6 Ke7 14. Rd1 f6 15. Nf3 c5 16. b3 Na6 17. Ne1 Bxg2 18. Kxg2 Rac8 19. c4 Nc7 20. Be3 h5 21. Rd2 Na6 22. Rad1 Nb8 23. h4 Rcg8 24. Nf3 e5 25. Rd5 Rc8 26. Bc1 Rc7 27. Nd2 Nc6 28. Ne4 Nd4 29. f4 Nc6 30. fxe5 Nb4 31. exf6+ gxf6 32. Nc3 Kf7 33. Rd7+ Rxd7 34. Rxd7+ Ke6 35. Rxa7 Rd8 36. Nd5 Nxd5 37. cxd5+ Rxd5 38. Ra6 Rd6 39. Bf4 Rc6 40. a4 Kd5 41. a5 Re6 42. Rxb6 Re2+ 43. Kf3 Rb2 44. Rd6# 1-0

[Event "BRA-ch Amateur U1800"]
[Site "Sao Paulo"]
[Date "2018.06.01"]
[Round "4"]
[White "De Sa, Sidney Loyola"]
[Black "Azevedo, Hugo Daniel de Oliv"]
[Result "1-0"]
[WhiteElo "1751"]
[BlackElo "1650"]
[PlyCount "117"]
[EventDate "2018.05.31"]
[EventType "swiss"]
[EventRounds "7"]
[EventCountry "BRA"]
[SourceTitle "EXT 2021"]
[Source "ChessBase"]
[SourceDate "2020.10.23"]
[SourceVersion "1"]
[SourceVersionDate "2020.10.23"]
[SourceQuality "1"]

1. d4 c5 2. Nf3 Nf6 3. Bf4 cxd4 4. Qxd4 d6 5. Bg3 Nc6 6. Qd1 g6 7. c3 Bg7 8. e3 0-0 9. Be2 e5 10. Nbd2 e4 11. Nd4 d5 12. 0-0 Re8 13. Qc2 Bg4 14. Bxg4 Nxg4 15. h3 Nge5 16. N2b3 Qb6 17. Rad1 Rac8 18. Qb1 Nd3 19. Rd2 Nce5 20. Bxe5 Bxe5 21. Nc1 Bxd4 22. cxd4 Nb4 23. a3 Nc6 24. Ne2 Qd8 25. Rc2 g5 26. Nc3 g4 27. Qd1 gxh3 28. Qg4+ Kh8 29. Qxh3 Rg8 30. Qf5 Qg5 31. Qxg5 Rxg5 32. Ne2 h5 33. Nf4 Rcg8 34. Kh2 Rf5 35. Rc5 Rd8 36. Rfc1 Kg7 37. R1c2 Nxd4 38. exd4 Rxf4 39. Rc7 Rb8 40. Rd7 Rf5 41. Kg1 Kf6 42. Rcc7 Ke6 43. Rxb7 Rxb7 44. Rxb7 Kd6 45. Rxa7 Kc6 46. Ra5 Rg5 47. a4 f5 48. Ra6+ Kc7 49. Rf6 f4 50. Rxf4 Kb6 51. b4 Rg6 52. Rf5 Rc6 53. Rxd5 Rc4 54. a5+ Ka6 55. Rd6+ Kb5 56. Rb6+ Ka4 57. a6 Rc8 58. a7 Ra8 59. Rb7 1-0

[Event "Rio de Janeiro Estadual-ch"]
[Site "Rio de Janeiro"]
[Date "2018.04.28"]
[Round "2"]
[White "De Sa, Sidney Loyola"]
[Black "Chaves, Jorge Antonio Torre"]
[Result "1-0"]
[WhiteElo "1751"]
[BlackElo "1934"]
[PlyCount "89"]
[EventDate "2018.04.28"]
[EventType "swiss"]
[EventRounds "6"]
[EventCountry "BRA"]
[SourceTitle "CBM 184 Extra"]
[Source "ChessBase"]
[SourceDate "2018.06.28"]
[SourceVersion "1"]
[SourceVersionDate "2018.06.28"]
[SourceQuality "1"]

1. d4 Nf6 2. Bf4 d5 3. e3 c5 4. c3 Nc6 5. Nd2 e6 6. Ngf3 Nh5 7. Bd3 Nxf4 8. exf4 cxd4 9. Nxd4 Nxd4 10. cxd4 Bd6 11. g3 Qb6 12. Nf3 Bd7 13. Qe2 a6 14. 0-0 Bb5 15. Bxb5+ axb5 16. f5 0-0 17. fxe6 f6 18. Qd3 Rfe8 19. Qf5 Rad8 20. Qxd5 Be7 21. Qb3 g5 22. d5 Bc5 23. Rad1 Rd6 24. Qc3 Rdd8 25. Qxf6 Re7 26. Nxg5 Rf8 27. Nf7 Rfxf7 28. exf7+ Rxf7 29. Qxb6 Bxb6 30. d6 Rd7 31. Rd5 Kf7 32. Re1 Bd8 33. Re4 Bf6 34. b3 Kg6 35. h4 h5 36. Rb4 Kf7 37. Rbxb5 Ke6 38. Rxh5 Rxd6 39. Rxb7 Rc6 40. Rh6 Kd5 41. Rxf6 Rxf6 42. Rb5+ Ke4 43. Kg2 Kd3 44. a4 Ke2 45. Re5+ 1-0

[Event "Tijuca Tenis Clube op 2nd"]
[Site "Rio de Janeiro"]
[Date "2017.07.22"]
[Round "6"]
[White "De Sa, Sidney Loyola"]
[Black "Da Costa, Carlos Henrique Luz"]
[Result "1/2-1/2"]
[WhiteElo "1785"]
[BlackElo "1564"]
[PlyCount "80"]
[EventDate "2017.07.15"]
[EventType "swiss"]
[EventRounds "6"]
[EventCountry "BRA"]
[SourceTitle "EXT 2019"]
[Source "ChessBase"]
[SourceDate "2018.10.10"]
[SourceVersion "1"]
[SourceVersionDate "2018.10.10"]
[SourceQuality "1"]

1. d4 d5 2. Nf3 Nf6 3. e3 Bf5 4. Bd3 Bxd3 5. Qxd3 e6 6. Qb5+ Nbd7 7. Qxb7 Bd6 8. 0-0 0-0 9. Nbd2 c5 10. Qa6 Qc7 11. c3 Rfb8 12. Qd3 c4 13. Qc2 Qc6 14. Re1 Ne4 15. Nxe4 dxe4 16. Ng5 Nf6 17. f4 h6 18. Nh3 Ng4 19. Nf2 Nxf2 20. Qxf2 f5 21. Qh4 Qe8 22. g4 Be7 23. Qg3 Qd8 24. Qg2 Rb6 25. Kh1 Rab8 26. Rg1 g5 27. h4 Kf7 28. fxg5 hxg5 29. Rf1 Qh8 30. h5 Ke8 31. Qh3 Rb5 32. a4 fxg4 33. Qxg4 Rf5 34. Kg2 Qf6 35. Qe2 Qh6 36. Rxf5 exf5 37. Qxc4 Qxh5 38. Qg8+ Kd7 39. Qd5+ Bd6 40. Qxf5+ Kc7 1/2-1/2

[Event "Tijuca Tenis Clube op 2nd"]
[Site "Rio de Janeiro"]
[Date "2017.07.16"]
[Round "3"]
[White "Madeu, Fernando Antonio"]
[Black "De Sa, Sidney Loyola"]
[Result "1-0"]
[WhiteElo "1988"]
[BlackElo "1785"]
[PlyCount "45"]
[EventDate "2017.07.15"]
[EventType "swiss"]
[EventRounds "6"]
[EventCountry "BRA"]
[SourceTitle "EXT 2019"]
[Source "ChessBase"]
[SourceDate "2018.10.10"]
[SourceVersion "1"]
[SourceVersionDate "2018.10.10"]
[SourceQuality "1"]

1. e4 c6 2. d4 d5 3. exd5 cxd5 4. c4 Nf6 5. Nc3 Nc6 6. Nf3 Bg4 7. Be3 e6 8. Be2 Bb4 9. 0-0 Bxc3 10. bxc3 dxc4 11. Bxc4 Qa5 12. h3 Bxf3 13. Qxf3 Rc8 14. Rab1 0-0 15. Rfc1 e5 16. Rxb7 Nd8 17. Rb5 e4 18. Qf5 Qa6 19. Rc5 Rxc5 20. Qxc5 Qc6 21. d5 Qxc5 22. Bxc5 a5 23. Bxf8 1-0